Statistics for Calgary International Airport Destinations (Calgary, Canada)

Click here to take the quiz!

General Stats

  • This quiz has been taken 39 times
  • The average score is 54 of 93

Answer Stats

AirlineDestination% Correct
Air Canada/Air Transat/Flair Airlines/Lynx Air/WestJetMontreal (Trudeau)
92%
KLM/WestJetAmsterdam
88%
WestJetBoston
88%
American AirlinesDallas/Fort Worth
88%
Air Canada Express/Air North/WestJet/WestJet EncoreEdmonton
88%
WestJetLondon (Gatwick)
88%
Air Canada/WestJetLondon (Heathrow)
88%
Flair Airlines/WestJetLondon (ON)
88%
Air Canada/Lynx Air/WestJetLos Angeles
88%
WestJet EncorePortland (OR)
88%
United Airlines/United Express/WestJetSan Francisco
88%
Alaska Airlines/WestJet/WestJet EncoreSeattle/Tacoma
88%
Air Canada/Air Transat/Flair Airlines/Lynx Air/Porter Airlines/WestJetToronto (Pearson)
88%
Air Canada/Flair Airlines/Lynx Air/WestJetVancouver
88%
United Airlines/WestJetHouston (Intercontinental)
85%
Air Canada/Flair Airlines/Lynx Air/WestJetLas Vegas
85%
Air Canada/Flair Airlines/WestJetOttawa
85%
Air Canada Rogue/WestJetQuebec City
85%
Air Canada/Sunwing Airlines/WestJetCancun
81%
WestJetDetroit
81%
Delta Air LinesMinneapolis/St. Paul
81%
WestJetNew York (JFK)
81%
WestJetParis (Charles de Gaulle)
81%
WestJetPhoenix/Mesa
81%
Flair Airlines/Lynx Air/WestJet/WestJet EncoreVictoria
81%
WestJetAustin
77%
American Airlines/United Airlines/United Express/WestJetChicago (O'Hare)
77%
United Airlines/United Express/WestJetDenver
77%
Air Canada/WestJetHalifax
77%
WestJetOrlando
77%
Air Canada/Flair Airlines/Lynx Air/WestJetPhoenix (Sky Harbor)
77%
Delta Air Lines/Delta ConnectionSalt Lake City
77%
Air Canada/Eurowings DiscoverFrankfurt
73%
Lynx Air/WestJetHamilton (ON)
73%
WestJet/WestJet EncoreRegina
73%
WestJetSan Diego
73%
WestJetDublin
69%
Flair Airlines/WestJet/WestJet EncoreSaskatoon
69%
WestJetSt. John's
69%
United Airlines/WestJetWashington (Dulles)
69%
Air Canada Express/Flair Airlines/WestJetWinnipeg
69%
Edelweiss AirZurich
69%
WestJetAtlanta
65%
WestJetTokyo (Narita)
65%
Air North/WestJetWhitehorse
65%
Air CanadaNewark
62%
Canadian North/WestJet EncoreYellowknife
62%
WestJetHonolulu
58%
Air Canada Express/Flair Airlines/Lynx Air/WestJet/WestJet EncoreKelowna
58%
WestJetMoncton
58%
WestJetNassau
58%
Sunwing Airlines/WestJetPunta Cana
58%
WestJetRome (Fiumicino)
58%
Air Canada/Flair Airlines/Sunwing Airlines/WestJetPuerto Vallarta
54%
Air Canada/Flair Airlines/Sunwing Airlines/WestJetSan Jose del Cabo
54%
Flair Airlines/WestJet/WestJet EncoreAbbotsford
50%
WestJetBarcelona
50%
Sunwing Airlines/WestJetVaradero
50%
WestJetFort Lauderdale
46%
Air Canada Express/WestJet EncoreFort McMurray
46%
Sunwing Airlines/WestJetMontego Bay
46%
WestJetNashville
46%
WestJet EncoreKamloops
42%
WestJet LinkMedicine Hat
42%
WestJet EncoreNanaimo
42%
WestJet EncorePrince George
42%
WestJetThunder Bay
42%
WestJetWindsor
42%
WestJetCharlottetown
38%
WestJet LinkLethbridge
38%
WestJet EncoreBrandon
35%
Air Canada Express/WestJet EncoreGrande Prairie
35%
WestJetIxtapa/Zihuatanejo
35%
Flair Airlines/WestJetKitchener/Waterloo
35%
WestJetOrange County
35%
WestJetBelize City
31%
WestJet EncoreFort St. John
31%
Air Canada/WestJetKahului
31%
WestJetLihue
31%
Sunwing Airlines/WestJetMazatlan
31%
WestJetPalm Springs
31%
WestJetKailua-Kona
27%
WestJet LinkLloydminster
27%
WestJet/WestJet EncoreComox
23%
WestJet LinkCranbrook
23%
WestJetEdinburgh
23%
WestJetHuatulco
23%
Sunwing Airlines/WestJetLiberia (CR)
23%
WestJetManzanillo
19%
WestJet EncorePenticton
19%
WestJetLoreto
15%
Air Canada Express/WestJet EncoreTerrace/Kitimat
15%
Northern AirBonnyville
12%

Score Distribution

Percentile by Number Answered

Percent of People with Each Score

Your Score History

You have not taken this quiz